000 01134nam a2200289 a 4500
001 000005607
005 20250312134346.0
008 090820s2007 dr a 001 0 spa d
020 _a9789993425724
040 _aDO-SdBNP
_bspa
_cBNPHU
082 _a616.075
_bB796s
100 1 _aBrache Espinal, Ceferino
_915827
245 1 0 _aSemiología quirúrgica :
_bantología de experiencias, textos y casos /
_cCeferino Brache Espinal, Ludwig Frontier Ramos ; prólogo Miguel R. Brache E.
260 _aSanto Domingo :
_bINTEC,
_c2007.
300 _a288 p. :
_bil. ;
_c24 cm.
500 _aIncluye datos biográficos de los autores en la solapa y contraportada
504 _aBibliográfia : p. 283-284
590 _aInventariado, 2018/LP
650 4 _aSemiologia (medicina)
_915828
650 4 _aHistorias clínicas
_915829
650 0 _aDiagnóstico quirúrgico
_915830
650 4 _aExamén físico (medicina)
_915831
700 1 2 _aFrontier Ramos, Ludwig
_915832
700 1 2 _aBrache E., Miguel Rayner,
_d1982-
_epról.
_915833
710 2 _aInstituto Tecnológico de Santo Domingo
_978911
910 _aValidado. Control de calidad MFF
999 _c5406
_d5406